| 000 | 00775nam a2200217Ia 4500 | ||
|---|---|---|---|
| 999 |
_c39798 _d39798 |
||
| 001 | 6403 | ||
| 003 | GE_BSU | ||
| 005 | 20221010145311.0 | ||
| 008 | 181216s1998||||ge |||||||||||||| ||geo|| | ||
| 040 | _cGE_BSU | ||
| 041 | _ageo | ||
| 080 | _a1(075.8) ე-82 | ||
| 100 |
_aერქომაიშვილი, ვახტანგ _9944 |
||
| 245 |
_aფილოსოფია / _c[რედ.: ჯანსუღ კორძაია]. |
||
| 250 | _aგადამუშ.და შევს.გამოც. | ||
| 264 |
_aთბილისი : _bკვარი, _c1998. |
||
| 300 |
_a303 გვ.; _b20 სმ. |
||
| 653 | _aფილოსოფია | ||
| 700 |
_aკორძაია, ჯანსუღ _eრედაქტორი _94460 |
||
| 942 |
_cBK _2udc |
||